Ako komunikovať s počítačom (počítačová kuchárka pre účastníkov počítačového kurzu v Krajskej knižnici v Žiline)

Bibliographic Details
Main Author: Homola, Marek (Author)
Format: Book
Language:Slovak
PhysicalDescription:198 s. ilustr., tab. 21 cm
Published: V Žiline Krajská knižnica 2015
ISBN:9788085148879
Edition:3. rozš. vyd.
Subjects:

MARC

LEADER 00000nam a2200000 a 4500
001 vtls011509185
003 SK-MaSNL
005 20260301220120.0
008 240318s2015 xo a g nf 000 0 slo
015 |a SNBA2016/03 
020 |a 9788085148879  |q (brož.) 
035 |a urn:nbn:sk:snk-am00bc91 
035 |a urn:nbn:sk:snk-am3h9cc 
035 |a 742DBE21-CFC4-4D30-9C93-2E07AE3A6983 
040 |a SNK  |b slo  |c SNK  |e AACR2 
041 0 |a slo 
044 |a xo  |c SK 
072 7 |a 004  |x Počítačová veda. Výpočtová technika. Informačné technológie  |2 konspekt 
080 |a 004:37.018.4  |2 2011 
080 |a (035)  |2 2011 
080 |a 004.38-027.22  |2 2011 
100 1 |a Homola, Marek  |4 aut  |9 417024 
245 1 0 |a Ako komunikovať s počítačom  |b (počítačová kuchárka pre účastníkov počítačového kurzu v Krajskej knižnici v Žiline)  |c Marek Homola 
250 |a 3. rozš. vyd. 
260 |a V Žiline  |b Krajská knižnica  |c 2015 
300 |a 198 s.  |b ilustr., tab.  |c 21 cm 
366 |e 120 výt. 
500 |a Hrebeňová väzba 
500 |a Názov z obalu 
504 |a Bibliogr.: s. 196-197 
650 0 7 |a počítačové kurzy  |2 SNKPH  |9 354652 
650 0 7 |a práca s počítačom  |2 SNKPH  |9 3626 
650 0 7 |a Using personal computers  |2 SNKPHeng  |9 311545 
650 0 7 |a Computer courses  |2 SNKPHeng  |9 606842 
655 7 |a príručky  |2 SNKPH  |9 74364 
655 7 |a Handbooks, manuals, etc.  |2 SNKPHeng  |9 90964 
752 |a Slovensko  |d Žilina 
919 |a 978-80-85148-87-9 
958 |a NB 
999 |c 930671  |d 932601 
952 |a SNK  |b SNK  |y PREZ  |7 0  |p 17A1181843  |o snkSC 168526  |i snk2016/6003  |8 0  |0 0  |1 0  |4 0  |d 2016-03-01  |f 1  |l 0  |r 2026-02-24 08:47:05  |w 2026-02-24 
952 |a SNK  |b SNK  |y VYP  |7 0  |p 17A1181844  |o snkSC 168526 D1  |i snk2016/6004  |8 0  |0 0  |1 0  |4 0  |d 2016-03-01  |l 0  |r 2026-02-24 08:47:05  |w 2026-02-24